[Event "Nuremberg Zabo op 23rd"]
[Site "Nuremberg"]
[Date "2023.09.17"]
[Round "5"]
[White "Martin Fernandez, Rafael"]
[Black "Cufi, Astrit"]
[Result "1-0"]
[WhiteElo "1665"]
[BlackElo "1667"]
[PlyCount "69"]
[EventDate "2023.09.15"]
[EventType "swiss"]
[EventRounds "5"]
[EventCountry "GER"]
[SourceTitle "EXT 2024"]
[Source "ChessBase"]
[SourceDate "2023.10.10"]
[SourceVersion "1"]
[SourceVersionDate "2023.10.10"]
[SourceQuality "1"]

1. d4 Nf6 2. c4 e6 3. Nc3 Bb4 4. e3 b6 5. Nge2 Bb7 6. a3 Bxc3+ 7. Nxc3 Ne4 8. Qc2 f5 9. Bd3 Nxc3 10. Qxc3 Qg5 11. Bd2 Na6 12. 0-0-0 0-0 13. Rhg1 Be4 14. f4 Qf6 15. Bxe4 fxe4 16. Qc2 d5 17. Bc3 c6 18. g4 b5 19. c5 b4 20. axb4 Rab8 21. Qa4 Nc7 22. Qxc6 Nb5 23. f5 Rfe8 24. fxe6 Nxc3 25. bxc3 Rxe6 26. Qc7 Ree8 27. Rdf1 Qg5 28. Qf7+ Kh8 29. Rf4 Qh4 30. Rgf1 Rg8 31. Qh5 Qd8 32. g5 a5 33. Rf7 axb4 34. g6 h6 35. Qxh6+ 1-0

[Event "Bamberg op-B 5th"]
[Site "Bamberg"]
[Date "2023.07.28"]
[Round "4"]
[White "Martin Fernandez, Rafael"]
[Black "Fleischer, Christoph"]
[Result "1/2-1/2"]
[WhiteElo "1643"]
[BlackElo "1588"]
[PlyCount "116"]
[EventDate "2023.07.26"]
[EventType "swiss"]
[EventRounds "7"]
[EventCountry "GER"]
[SourceTitle "CBM 215 Extra"]
[Source "ChessBase"]
[SourceDate "2023.09.30"]
[SourceVersion "1"]
[SourceVersionDate "2023.09.30"]
[SourceQuality "1"]

1. d4 d5 2. c4 c6 3. Nc3 Nf6 4. Bg5 e6 5. e3 Nbd7 6. cxd5 exd5 7. Nf3 h6 8. Bf4 Be7 9. Bd3 0-0 10. 0-0 Re8 11. Qc2 Nf8 12. Rab1 Ne6 13. Be5 Ng4 14. h3 Nxe5 15. Nxe5 Ng5 16. f4 Ne6 17. b4 Nf8 18. Qb3 f6 19. Ng6 Nxg6 20. Bxg6 Rf8 21. b5 Qd6 22. Bd3 Be6 23. Kh1 Qd7 24. f5 Bf7 25. bxc6 bxc6 26. Na4 Bd6 27. Qc2 Bc7 28. Rg1 Qd6 29. g3 Rfb8 30. Nc5 Bb6 31. Rbc1 Re8 32. Qf2 Re7 33. Kg2 Rae8 34. Rge1 Rb8 35. Re2 Be8 36. Rec2 Bxc5 37. Rxc5 Rb6 38. R1c2 Reb7 39. Rd2 Re7 40. g4 Kf8 41. Re2 Bf7 42. Qg3 Qxg3+ 43. Kxg3 Ke8 44. Kf3 Kd7 45. Rec2 Kd6 46. Re2 Bg8 47. Bc2 Bf7 48. Bb3 Bg8 49. Rec2 Bf7 50. Ra5 Bg8 51. Rcc5 Bf7 52. Ra3 Rc7 53. Rca5 Rbb7 54. Ra6 Re7 55. R3a5 Rec7 56. Kf4 Re7 57. Ba4 Be8 58. Rc5 Rb6 1/2-1/2

[Event "GER-chT U14"]
[Site "Willingen"]
[Date "2022.08.15"]
[Round "6.5"]
[White "Martin Fernandez, Rafael"]
[Black "Vecera, Fabio"]
[Result "1-0"]
[WhiteElo "1645"]
[BlackElo "1527"]
[PlyCount "73"]
[EventDate "2022.08.13"]
[EventType "team-swiss"]
[EventRounds "7"]
[EventCountry "GER"]
[SourceTitle "EXT 2023"]
[Source "ChessBase"]
[SourceDate "2022.10.05"]
[SourceVersion "1"]
[SourceVersionDate "2022.10.05"]
[SourceQuality "1"]
[WhiteTeam "Erlangen"]
[BlackTeam "Leipzig VfB"]
[WhiteTeamCountry "GER"]
[BlackTeamCountry "GER"]

1. e4 Nf6 2. e5 Nd5 3. c4 Nb6 4. d4 d6 5. f4 dxe5 6. fxe5 c5 7. d5 e6 8. Nc3 a6 9. Be2 exd5 10. cxd5 Qh4+ 11. g3 Qd4 12. Nf3 Qxd1+ 13. Bxd1 Be7 14. a4 a5 15. Kf2 0-0 16. Be2 Na6 17. Bxa6 bxa6 18. b3 Bb7 19. Rd1 Rfe8 20. Bf4 Rac8 21. d6 Bd8 22. d7 Nxd7 23. Rxd7 Bxf3 24. Kxf3 g5 25. Be3 Rxe5 26. Rad1 Bf6 27. Nd5 Rc6 28. Nxf6+ Rxf6+ 29. Ke2 Rb6 30. R1d5 Ree6 31. Rxg5+ Kf8 32. Rd3 c4 33. bxc4 Rb2+ 34. Rd2 Rb3 35. Rd3 Rb2+ 36. Kf3 f6 37. Rh5 1-0

[Event "GER-ch U12"]
[Site "Willingen"]
[Date "2022.06.07"]
[Round "4"]
[White "Nechitailo, Nikita"]
[Black "Martin Fernandez, Rafael"]
[Result "1-0"]
[WhiteElo "1371"]
[BlackElo "1678"]
[PlyCount "59"]
[EventDate "2022.06.04"]
[EventType "swiss"]
[EventRounds "9"]
[EventCountry "GER"]
[SourceTitle "CBM 208 Extra"]
[Source "ChessBase"]
[SourceDate "2022.07.31"]
[SourceVersion "1"]
[SourceVersionDate "2022.07.31"]
[SourceQuality "1"]

1. e4 c5 2. d4 cxd4 3. c3 Nf6 4. e5 Nd5 5. Nf3 Nc6 6. cxd4 g6 7. Bc4 Nb6 8. Bb3 Bg7 9. 0-0 0-0 10. Re1 d5 11. h3 Na5 12. Nc3 Nac4 13. Bxc4 Nxc4 14. b3 Nb6 15. a4 a5 16. Ba3 Bf5 17. Qd2 Rc8 18. Nb5 Nd7 19. Rac1 Re8 20. Rxc8 Qxc8 21. Rc1 Qb8 22. Nc7 Rc8 23. Nxd5 Rxc1+ 24. Qxc1 e6 25. Bd6 Qa7 26. Qc8+ Nf8 27. Ne7+ Kh8 28. Nxf5 gxf5 29. Bxf8 h6 30. Bc5+ 1-0